| Tag |
First Indicator |
Second Indicator |
Subfields |
| LEADER |
00000cam a2200000 a 4500 |
| 001 |
in00004517321 |
| 005 |
20191204154049.0 |
| 008 |
841201s1716 enk 001 0 eng |
| 016 |
7 |
|
|a 2731115R
|2 DNLM
|
| 019 |
|
|
|a 18394970
|
| 035 |
|
|
|a (OCoLC)ocm14299085
|
| 035 |
|
|
|a (OCoLC)14299085
|z (OCoLC)18394970
|
| 040 |
|
|
|a DNLM
|e dcrb
|c NLM
|d GZM
|d CGC
|d OCLCG
|d UtOrBLW
|d TMV
|
| 041 |
1 |
|
|a eng
|h lat
|
| 043 |
|
|
|a e-uk-en
|
| 049 |
|
|
|a TMVM
|c 1
|
| 050 |
|
4 |
|a RS141.3
|b .R84 1716
|
| 060 |
0 |
0 |
|a WZ 260
|b R877pLE 1716
|
| 060 |
0 |
0 |
|a Film 75-23 no. 4
|
| 060 |
|
4 |
|a QV 738.G7
|b R888p 1716a
|
| 110 |
2 |
|
|a Royal College of Physicians of London.
|
| 240 |
1 |
0 |
|a Pharmacopoeia Londinensis.
|l English
|
| 245 |
1 |
0 |
|a Pharmacopoeia Londinensis, or, The new London dispensatory :
|b in six books : translated into English for the publick good, and fitted to the whole art of healing : illustrated with the preparations, virtues and uses of all simple medicaments, vegetable, animal and mineral ; of all the compounds both internal and external ; and of all the chymical preparations now in use : together with some choice medicines added by the author : as also the praxis of chymistry, as it's now exercised, fitted to the meanest capacity /
|c [translated and edited] by William Salmon professor of physick, at the Great House near Black-Fryars Stairs.
|
| 246 |
3 |
0 |
|a New London dispensatory
|
| 250 |
|
|
|a The eighth edition, corrected and amended.
|
| 264 |
|
3 |
|a London :
|b Printed by J. Dawks, for M. Wotton, J. Walthoe, G. Conyers, J. Nicholson, J. Sprint, D. Midwinter, and T. Ballard,
|c MDCCXVI. [1716]
|
| 300 |
|
|
|a xv, 1 unnumbered page, 796 pages, 4 unnumbered pages ;
|c 21 cm. (octavo)
|
| 336 |
|
|
|a text
|2 rdacontent
|b txt
|
| 337 |
|
|
|a unmediated
|2 rdamedia
|
| 338 |
|
|
|a volume
|2 rdacarrier
|b nc
|
| 500 |
|
|
|a Salmon is both the translator and editor.
|
| 500 |
|
|
|a With two final leaves of errata and advertisements.
|
| 500 |
|
|
|a Includes an index.
|
| 500 |
|
|
|a Signatures: A-3E⁸.
|
| 500 |
|
|
|a Title within double ruled border.
|
| 500 |
|
|
|a Printed in two columns separated by a single rule.
|
| 510 |
4 |
|
|a Blake, J. NLM 18th cent.,
|c p. 349
|
| 510 |
4 |
|
|a ESTC (RLIN)
|c N11233
|
| 561 |
|
|
|a John G.P. Wood (collection sold to TMV, small red label "J.G.P. Wood M.R.C.V.S" on back paste-down).
|5 TMV
|
| 650 |
|
2 |
|a Materia Medica
|z England
|z London
|v Pharmacopoeias.
|
| 650 |
|
2 |
|a Pharmaceutical Preparations
|z England
|z London
|v Pharmacopoeias.
|
| 650 |
|
0 |
|a Pharmacopoeias
|z England
|z London.
|
| 700 |
1 |
|
|a Salmon, William,
|d 1644-1713,
|e translator.
|
| 999 |
f |
f |
|s 46fc42c7-bdc1-3542-968a-fa2fce32cba4
|i 0d1eb878-fd3a-3d5b-8d9e-3cb3347ad562
|t 0
|
| 952 |
f |
f |
|p noncirc
|a Texas A&M University
|b College Station
|c Medical Sciences Library
|d MSL: Special Collections
|t 0
|e QV 738.G7 R888p 1716a
|h National Library of Medicine classification
|i unmediated -- volume
|m 3238902132831
|
| 998 |
f |
f |
|a QV 738.G7 R888p 1716a
|t 0
|l MSL: Special Collections
|